|
|
|
|
| LEADER |
01440nam a2200349 a 4500 |
| 001 |
1000 |
| 003 |
BD-DhAAL |
| 005 |
20151011111314.0 |
| 008 |
151011s1998 ii b 100 0 eng |
| 010 |
|
|
|a 98905522
|
| 020 |
|
|
|a 9840514245
|
| 020 |
|
|
|a 8173042071
|
| 037 |
|
|
|b Library of Congress -- New Delhi Field Office
|c Rs350.00
|
| 040 |
|
|
|a DLC
|c DLC
|d BD-DhAAL
|
| 050 |
0 |
0 |
|a DS341
|b .E87 1998
|
| 082 |
|
|
|a 305.8/00954
|
| 245 |
0 |
0 |
|a Ethnicity and constitutional reform in South Asia /
|c edited by Iftekharuzzaman.
|
| 246 |
3 |
0 |
|a Constitutional reform in South Asia
|
| 260 |
|
|
|a New Delhi :
|a Dhaka :
|b The University Press
|c 1998.
|
| 300 |
|
|
|a 190 p. ;
|c 22 cm.
|
| 500 |
|
|
|a "Regional Centre for Strategic Studies, Colombo."
|
| 504 |
|
|
|a Includes bibliographical references.
|
| 520 |
|
|
|a Comprises papers presented at an international seminar organized by Regional Centre for Strategic Studies in Colombo on 19-20 February 1995.
|
| 541 |
|
|
|e 1000
|
| 650 |
|
0 |
|a Ethnicity
|z South Asia.
|9 15270
|
| 650 |
|
0 |
|a Constitutional history
|z South Asia.
|9 15271
|
| 651 |
|
0 |
|a South Asia
|x Politics and government.
|9 15272
|
| 700 |
0 |
|
|a Iftekharuzzaman.
|9 15273
|
| 710 |
2 |
|
|a Regional Centre for Strategic Studies (Colombo, Sri Lanka)
|9 15274
|
| 942 |
|
|
|2 ddc
|c BK
|
| 999 |
|
|
|c 35749
|d 35749
|
| 952 |
|
|
|0 0
|1 0
|2 ddc
|4 0
|6 305_800000000000000_00954_ETH
|7 0
|9 56216
|a SCL
|b SCL
|c GEN
|d 2015-10-11
|l 0
|o 305.800954 ETH
|p 3020001000
|r 2015-10-11
|t 1
|w 2015-10-11
|y BK
|